| 000 -LEADER |
| fixed length control field |
00786cam a22002297i 4500 |
| 001 - CONTROL NUMBER |
| control field |
18819243 |
| 005 - DATE AND TIME OF LATEST TRANSACTION |
| control field |
20221105201012.0 |
| 008 - FIXED-LENGTH DATA ELEMENTS--GENERAL INFORMATION |
| fixed length control field |
151015s2019 ii 001 0 eng d |
| 020 ## - INTERNATIONAL STANDARD BOOK NUMBER |
| International Standard Book Number |
9789352706860 1 |
| 041 ## - LANGUAGE CODE |
| Language code of text/sound track or separate title |
eng |
| 080 ## - UNIVERSAL DECIMAL CLASSIFICATION NUMBER |
| Universal Decimal Classification number |
617.7(09) K-42 |
| 100 1# - MAIN ENTRY--PERSONAL NAME |
| Personal name |
Khurana, A. K., |
| 9 (RLIN) |
8511 |
| 245 10 - TITLE STATEMENT |
| Title |
Review of ophthalmology : |
| Remainder of title |
quick text review & MCQ's / |
| Statement of responsibility, etc. |
A.K. Khurana, Rohtak, Haryana, Bhawna Khurana, |
| 250 ## - EDITION STATEMENT |
| Edition statement |
Seventh edition. |
| 264 #1 - PRODUCTION, PUBLICATION, DISTRIBUTION, MANUFACTURE, AND COPYRIGHT NOTICE |
| Place of production, publication, distribution, manufacture |
Philadelphia : |
| Name of producer, publisher, distributor, manufacturer |
Jaypee, The Health Sciences Publisher, |
| Date of production, publication, distribution, manufacture, or copyright notice |
2019. |
| 300 ## - PHYSICAL DESCRIPTION |
| Extent |
216 pages ; |
| Dimensions |
26 cm. |
| 653 ## - INDEX TERM--UNCONTROLLED |
| keyword |
მედიცინა |
| 653 ## - INDEX TERM--UNCONTROLLED |
| keyword |
ოფთალმოლოგია |
| 700 1# - ADDED ENTRY--PERSONAL NAME |
| Personal name |
Khurana, Aruj K., |
| Relator term |
ავტორი |
| 9 (RLIN) |
8519 |
| 700 1# - ADDED ENTRY--PERSONAL NAME |
| Personal name |
Khurana, Bhawna, |
| Relator term |
ავტორი |
| 9 (RLIN) |
8520 |
| 942 ## - ADDED ENTRY ELEMENTS (KOHA) |
| Source of classification or shelving scheme |
|
| Koha item type |
წიგნი |